=LDR 00000nam 2200000 4500 =001 000824 =005 20250712120844 =035 ##$$a 0010-0725000695 =007 ta =008 250712################a##########0#ind## =020 ##$$a 978-623-472-009-9 =082 ##$$a 398.209 598 =084 ##$$a 398.209 598 THO c =100 #$$a thorpe jen =245 1#$$a cuaca dalam diriku /$c jen thorpe =250 ##$$a pertama =260 ##$$a jakarta :$b badan pengembangan dan pembinaan bahasa,$c 2022 =300 ##$$a 36hlm. : $b ilus. ; $c 22,9cm =990 ##$$a TBM202400795